Температурно-зависимая модель жидкой капли и её применение в теории деления ядра: диссертация на соискание ученой степени кандидата физико-математических наук; спец. 01.04.16

Bibliografski detalji
Glavni autor: Рябов Е. Г. Евгений Геннадьевич
Autor kompanije: Омский государственный университет
Daljnji autori: Адеев Г. Д. (научный руководитель)
Jezik:ruski
Izdano: Омск, [Б. и.], 2006
Teme:
Format: MixedMaterials Knjiga
KOHA link:https://koha.lib.tpu.ru/cgi-bin/koha/opac-detail.pl?biblionumber=99654

MARC

LEADER 00000nbm0a2200000 4500
001 99654
005 20231031111818.0
035 |a (RuTPU)RU\TPU\book\106999 
090 |a 99654 
100 |a 20060710d2006 k y0rusy50 ca 
101 0 |a rus 
102 |a RU 
105 |a a m 001zy 
200 1 |a Температурно-зависимая модель жидкой капли и её применение в теории деления ядра  |e диссертация на соискание ученой степени кандидата физико-математических наук  |e спец. 01.04.16  |f Е. Г. Рябов  |g Омский государственный университет; науч. рук. Г. Д. Адеев 
210 |a Омск  |c [Б. и.]  |d 2006 
215 |a 178 л.  |c ил. 
320 |a Библиогр.: с. 158-178 (171 назв.). 
610 1 |a ядерная физика 
610 1 |a атомное ядро 
610 1 |a деление 
610 1 |a модель жидкой капли 
610 1 |a жидкая капля 
610 1 |a нагретые ядра 
610 1 |a свойства 
610 1 |a расчет 
610 1 |a диссертации 
675 |a 539.14(04)  |v 3 
686 |a 01.04.16  |2 oksvnk 
700 1 |a Рябов  |b Е. Г.  |g Евгений Геннадьевич 
702 1 |a Адеев  |b Г. Д.  |4 727 
712 0 2 |a Омский государственный университет  |2 stltpush  |3 (RuTPU)RU\TPU\col\403 
801 1 |a RU  |b 63413507  |c 20060710  |g PSBO 
801 2 |a RU  |b 63413507  |c 20060918  |g PSBO 
942 |c BK